Normal view
MARC view
- FATHIMA M.K
Entry Personal Name
001 - CONTROL NUMBER
- control field: 3888
003 - CONTROL NUMBER IDENTIFIER
- control field: OSt
005 - DATE AND TIME OF LATEST TRANSACTION
- control field: 20181114122736.0
008 - FIXED-LENGTH DATA ELEMENTS
- fixed length control field: 181114|| aca||aabn | a|a d
040 ## - CATALOGING SOURCE
- Original cataloging agency: OSt
- Transcribing agency: OSt
100 ## - HEADING--PERSONAL NAME
- Personal name: FATHIMA M.K
670 ## - SOURCE DATA FOUND
- Source citation: Work cat.: (OSt)14967: FATHIMA M.K JAISON MATHEW JOHN, Development of linear programming model for profitable production of Shornur Agricultural Implements Consortium (P) Ltd. (SAICO) a case study
